| 000 | 00376nam a2200133Ia 4500 | ||
|---|---|---|---|
| 005 | 20260326235451.0 | ||
| 008 | 260326s9999||||xx |||||||||||||| ||und|| | ||
| 100 | _aFonseca MartÃnez, Lorenzo | ||
| 245 | 0 |
_aLa Arquitectura en la Vivienda Rural en Colombia / _cLorenzo Fonseca MartÃnez |
|
| 260 | _bCarrera | ||
| 300 | _a281 p. | ||
| 650 | _aARQUITECTURA REGIONAL | ||
| 942 | _cBK | ||
| 999 |
_c7777 _d7777 |
||